[Event "GBR-ch107 U10"]
[Site "Milton Keynes"]
[Date "2021.10.03"]
[Round "6.1"]
[White "Murawski, Jan"]
[Black "Bryant, Harry"]
[Result "1-0"]
[WhiteElo "1108"]
[BlackElo "1225"]
[PlyCount "107"]
[EventDate "2021.10.02"]
[EventType "swiss"]
[EventRounds "7"]
[EventCountry "GBR"]
[SourceTitle "BritBase"]
[Source "John Saunders"]
[SourceDate "2021.06.05"]
[SourceVersion "1"]
[SourceVersionDate "2021.06.05"]
[SourceQuality "1"]

1. d4 Nf6 2. c4 g6 3. Nc3 Bg7 4. e4 d6 5. Bg5 O-O 6. Be2 Nc6 7. g4 e5 8. d5 Nd4
9. f3 h6 10. Be3 Bd7 11. h4 h5 12. g5 Nh7 13. f4 Re8 14. f5 gxf5 15. Bxh5 Nf8
16. Nge2 Ng6 17. Bxg6 fxg6 18. Nxd4 exd4 19. Bxd4 Qe7 20. Bxg7 Qxg7 21. Qc2 Qe5
22. O-O-O fxe4 23. Qe2 Qf4+ 24. Kb1 Bg4 25. Rdf1 Bxe2 26. Rxf4 Bxc4 27. Kc1 Re5
28. Rxe4 b5 29. Rhe1 Rae8 30. b3 Bd3 31. Rxe5 Rxe5 32. Rxe5 dxe5 33. Kd2 e4 34.
Ke3 Kf7 35. Nxe4 Bxe4 36. Kxe4 Ke7 37. Ke5 a5 38. a3 b4 39. a4 Kf7 40. d6 c6
41. d7 Ke7 42. d8=Q+ Kxd8 43. Kd6 Ke8 44. Kxc6 Kf7 45. Kb5 Ke6 46. Kxa5 Kf5 47.
Kxb4 Kg4 48. a5 Kxh4 49. a6 Kxg5 50. a7 Kh4 51. a8=Q g5 52. Qg2 g4 53. Kc4 g3
54. Kd4 1-0

[Event "GBR-ch107 U10"]
[Site "Milton Keynes"]
[Date "2021.10.03"]
[Round "6.2"]
[White "Steiners, Emils"]
[Black "Hanache, Kai"]
[Result "1-0"]
[WhiteElo "1427"]
[BlackElo "1547"]
[PlyCount "63"]
[EventDate "2021.10.02"]
[EventType "swiss"]
[EventRounds "7"]
[EventCountry "GBR"]
[SourceTitle "BritBase"]
[Source "John Saunders"]
[SourceDate "2021.06.05"]
[SourceVersion "1"]
[SourceVersionDate "2021.06.05"]
[SourceQuality "1"]

1. e4 e5 2. Nf3 Nc6 3. d4 exd4 4. c3 dxc3 5. Nxc3 d6 6. Bc4 Bg4 7. Qb3 Na5 8.
Bxf7+ Ke7 9. Bg5+ Nf6 10. Qa4 Kxf7 11. Qxa5 Be7 12. Nd2 Re8 13. O-O b6 14. Qa4
Kf8 15. Nb3 Qd7 16. Qd4 h6 17. Bh4 a5 18. f4 Nxe4 19. Bxe7+ Rxe7 20. Nxe4 Rae8
21. Ng3 a4 22. Nd2 Qc6 23. Rac1 Qb7 24. f5 Be2 25. f6 Rf7 26. fxg7+ Kg8 27.
Rxf7 Kxf7 28. Nxe2 Kg8 29. Rf1 c5 30. Rf8+ Rxf8 31. gxf8=Q+ Kxf8 32. Qh8+ 1-0

[Event "GBR-ch107 U10"]
[Site "Milton Keynes"]
[Date "2021.10.03"]
[Round "6.3"]
[White "Ashton, Alannah"]
[Black "Grose, Kameron"]
[Result "0-1"]
[WhiteElo "1280"]
[BlackElo "1724"]
[PlyCount "48"]
[EventDate "2021.10.02"]
[EventType "swiss"]
[EventRounds "7"]
[EventCountry "GBR"]
[SourceTitle "BritBase"]
[Source "John Saunders"]
[SourceDate "2021.06.05"]
[SourceVersion "1"]
[SourceVersionDate "2021.06.05"]
[SourceQuality "1"]

1. e4 c5 2. d4 cxd4 3. c3 dxc3 4. Nxc3 Nc6 5. Nf3 e6 6. Bc4 Bb4 7. e5 d5 8.
exd6 Qxd6 9. Qxd6 Bxd6 10. O-O Nf6 11. Nb5 Bb8 12. Rd1 a6 13. Nd6+ Ke7 14.
Nxc8+ Rxc8 15. Bf1 Ba7 16. Bg5 Rd8 17. Rdc1 Rac8 18. Re1 Nd4 19. Nxd4 Rxd4 20.
Be3 Ng4 21. Bxd4 Bxd4 22. Re2 Nxf2 23. Rxf2 Rc2 24. Rb1 Rxf2 0-1

[Event "GBR-ch107 U10"]
[Site "Milton Keynes"]
[Date "2021.10.03"]
[Round "6.4"]
[White "Soulier, Alfred"]
[Black "Vaidyanathan, Adithya"]
[Result "1/2-1/2"]
[WhiteElo "1350"]
[BlackElo "1559"]
[PlyCount "109"]
[EventDate "2021.10.02"]
[EventType "swiss"]
[EventRounds "7"]
[EventCountry "GBR"]
[SourceTitle "BritBase"]
[Source "John Saunders"]
[SourceDate "2021.06.05"]
[SourceVersion "1"]
[SourceVersionDate "2021.06.05"]
[SourceQuality "1"]

1. e4 c5 2. Nf3 Nc6 3. d4 cxd4 4. Nxd4 e5 5. Nb5 d6 6. c4 a6 7. N5a3 Be7 8. Nc3
Nf6 9. Be2 O-O 10. Be3 Be6 11. O-O Nd7 12. Qd2 f5 13. f3 f4 14. Bf2 Bh4 15.
Qxd6 Bxf2+ 16. Rxf2 Rf6 17. Qd1 Rg6 18. Rb1 Qb6 19. Nd5 Qd8 20. b4 Ne7 21.
Nxe7+ Qxe7 22. Qe1 Bh3 23. Kh1 Be6 24. Bd3 Nf6 25. c5 Rd8 26. Bc4 Rh6 27. Bxe6+
Qxe6 28. Rd1 Re8 29. Qe2 Kh8 30. Nc4 Nh5 31. Kg1 Ng3 32. hxg3 fxg3 33. Rd6
gxf2+ 34. Kxf2 Qe7 35. Rxh6 gxh6 36. Nd6 Qh4+ 37. Kf1 Rg8 38. Qf2 Qf4 39. Qe1
Rg3 40. Nf5 Rg5 41. Qd1 Rg8 42. Qe1 Qg5 43. Qe2 Qh5 44. Qf2 Qg5 45. Qc2 Rd8 46.
Nd6 Kg7 47. Qc4 Qf6 48. Nf5+ Kg6 49. Nd6 b5 50. Qd5 Qf4 51. Ke2 Rf8 52. Qe6+
Qf6 53. Qg4+ Qg5 54. Qe6+ Kg7 55. Nf5+ 1/2-1/2

[Event "GBR-ch107 U10"]
[Site "Milton Keynes"]
[Date "2021.10.03"]
[Round "6.5"]
[White "Zhu, Pengxiao"]
[Black "Rida, Ruqayyah"]
[Result "0-1"]
[WhiteElo "1375"]
[BlackElo "1261"]
[PlyCount "66"]
[EventDate "2021.10.02"]
[EventType "swiss"]
[EventRounds "7"]
[EventCountry "GBR"]
[SourceTitle "BritBase"]
[Source "John Saunders"]
[SourceDate "2021.06.05"]
[SourceVersion "1"]
[SourceVersionDate "2021.06.05"]
[SourceQuality "1"]

1. d4 Nf6 2. c4 g6 3. Nc3 Bg7 4. e4 d6 5. Nge2 O-O 6. Ng3 e5 7. d5 Nfd7 8. Be2
f5 9. exf5 gxf5 10. h4 Nf6 11. Bg5 h6 12. Bxf6 Bxf6 13. Qc1 Kh7 14. h5 Bg5 15.
Qc2 Kg7 16. f3 Bh4 17. Kf2 Qg5 18. Rh3 f4 19. Rxh4 fxg3+ 20. Kf1 Bf5 21. Bd3
Qxh4 22. Bxf5 Qh1+ 23. Ke2 Qxa1 24. Bh7 Rf6 25. Ne4 Qg1 26. Kd3 Nd7 27. Kc3
Qd4+ 28. Kb3 Nc5+ 29. Nxc5 Qxc5 30. Qd3 Qf2 31. Qe4 Qxg2 32. Qg4+ Kxh7 33. Qd7+
Kh8 0-1

[Event "GBR-ch107 U10"]
[Site "Milton Keynes"]
[Date "2021.10.03"]
[Round "6.6"]
[White "Ward, Cian"]
[Black "Hariharan, Shambavi"]
[Result "1-0"]
[WhiteElo "1375"]
[BlackElo "858"]
[PlyCount "110"]
[EventDate "2021.10.02"]
[EventType "swiss"]
[EventRounds "7"]
[EventCountry "GBR"]
[SourceTitle "BritBase"]
[Source "John Saunders"]
[SourceDate "2021.06.05"]
[SourceVersion "1"]
[SourceVersionDate "2021.06.05"]
[SourceQuality "1"]

1. e4 c6 2. d4 d5 3. exd5 cxd5 4. Bd3 Nc6 5. c3 Qc7 6. Nf3 Nf6 7. h3 g6 8. Nbd2
Bf5 9. Nb3 Bxd3 10. Qxd3 e6 11. Bd2 Ne4 12. Ng5 Nxd2 13. Nxd2 Be7 14. Ngf3 h5
15. Nb3 b6 16. Qb5 a6 17. Qe2 b5 18. a3 Qb6 19. Ne5 Qc7 20. Nxc6 Qxc6 21. Qe5
O-O 22. g4 f6 23. Qe3 h4 24. Nd2 g5 25. Nb3 a5 26. Nd2 b4 27. axb4 axb4 28. O-O
bxc3 29. bxc3 Rxa1 30. Rxa1 Rc8 31. Re1 Kf7 32. Nf3 Qd7 33. Qd3 Kg8 34. Qg6+
Kh8 35. Qf7 Rc6 36. Kg2 Rd6 37. Nd2 Rb6 38. Re2 Qd6 39. c4 dxc4 40. Ne4 Qd8 41.
Re1 Ra6 42. Qg6 Rb6 43. Nc3 Rb3 44. Re3 Qa8+ 45. d5 exd5 46. Rxe7 d4+ 47. Ne4
Rg3+ 48. Kh2 Rxh3+ 49. Kxh3 Qa3+ 50. Kg2 Qxe7 51. Qh6+ Kg8 52. Qg6+ Kh8 53.
Nxf6 Qb7+ 54. Kh2 Qc7+ 55. Kg1 Qb7 1-0

[Event "GBR-ch107 U10"]
[Site "Milton Keynes"]
[Date "2021.10.03"]
[Round "6.7"]
[White "Yu, Rock"]
[Black "Wang, Luoke"]
[Result "1/2-1/2"]
[WhiteElo "1428"]
[BlackElo "910"]
[PlyCount "71"]
[EventDate "2021.10.02"]
[EventType "swiss"]
[EventRounds "7"]
[EventCountry "GBR"]
[SourceTitle "BritBase"]
[Source "John Saunders"]
[SourceDate "2021.06.05"]
[SourceVersion "1"]
[SourceVersionDate "2021.06.05"]
[SourceQuality "1"]

1. c4 Nf6 2. Nc3 g6 3. e4 d6 4. g3 Bg7 5. Bg2 O-O 6. Nge2 c5 7. O-O Nc6 8. d3
a6 9. f4 Ne8 10. f5 Rb8 11. Be3 b5 12. Qd2 bxc4 13. dxc4 Ne5 14. b3 Bb7 15.
Rad1 Nc7 16. Qc2 Qc8 17. Nd5 Bxd5 18. exd5 a5 19. h3 a4 20. Nc1 axb3 21. axb3
Na6 22. Bd2 Nb4 23. Bxb4 cxb4 24. Ne2 Qc5+ 25. Kh1 Ra8 26. Nd4 Ng4 27. hxg4
Bxd4 28. Qe4 Bf6 29. Rd2 Kg7 30. Bf3 Ra3 31. Bd1 Rfa8 32. Kg2 Ra2 33. Bc2 Ra1
34. Rb1 Qa5 35. Re2 Qa3 36. Ree1 1/2-1/2

[Event "GBR-ch107 U10"]
[Site "Milton Keynes"]
[Date "2021.10.03"]
[Round "6.8"]
[White "Das, Rishabh"]
[Black "Kataria, Dhairya"]
[Result "0-1"]
[WhiteElo "1370"]
[BlackElo "869"]
[PlyCount "74"]
[EventDate "2021.10.02"]
[EventType "swiss"]
[EventRounds "7"]
[EventCountry "GBR"]
[SourceTitle "BritBase"]
[Source "John Saunders"]
[SourceDate "2021.06.05"]
[SourceVersion "1"]
[SourceVersionDate "2021.06.05"]
[SourceQuality "1"]

1. e4 c6 2. d4 d5 3. exd5 cxd5 4. Nf3 Nc6 5. Bb5 a6 6. Ba4 b5 7. Bb3 Nf6 8. Bg5
Bg4 9. c3 Ne4 10. h3 Bxf3 11. Qxf3 Nxg5 12. Qh5 e6 13. O-O g6 14. Qe2 Bg7 15.
Nd2 O-O 16. h4 Ne4 17. Nxe4 dxe4 18. Qxe4 Ne7 19. Bc2 Nf5 20. g3 Qd5 21. Qg4
Rac8 22. h5 Nxd4 23. cxd4 Rxc2 24. hxg6 fxg6 25. Rae1 Qf5 26. Qxf5 exf5 27. Re6
Bxd4 28. Rxa6 Rxb2 29. a4 bxa4 30. Rxa4 Bf6 31. Rc1 Rfb8 32. Ra7 Bd4 33. Rd7
Bxf2+ 34. Kf1 Bxg3 35. Rdd1 Bf4 36. Ra1 Rc2 37. Re1 Rbc8 0-1

[Event "GBR-ch107 U10"]
[Site "Milton Keynes"]
[Date "2021.10.03"]
[Round "6.9"]
[White "Catabay, Rezin C"]
[Black "Liu, Jacob"]
[Result "1-0"]
[WhiteElo "1353"]
[BlackElo "1355"]
[PlyCount "83"]
[EventDate "2021.10.02"]
[EventType "swiss"]
[EventRounds "7"]
[EventCountry "GBR"]
[SourceTitle "BritBase"]
[Source "John Saunders"]
[SourceDate "2021.06.05"]
[SourceVersion "1"]
[SourceVersionDate "2021.06.05"]
[SourceQuality "1"]

1. d4 d6 2. e4 g6 3. Nf3 Bg7 4. Bc4 Nf6 5. Nc3 O-O 6. O-O Nbd7 7. Bf4 c5 8. d5
a6 9. a4 Nh5 10. Bg3 Bxc3 11. bxc3 Nxg3 12. hxg3 b6 13. Re1 Bb7 14. e5 Nxe5 15.
Nxe5 dxe5 16. Rxe5 Qd6 17. Qe2 Rfe8 18. Re1 Rad8 19. Rxe7 Rxe7 20. Qxe7 Bxd5
21. Qxd6 Rxd6 22. Rd1 Bxc4 23. Rxd6 b5 24. Rxa6 b4 25. Rc6 Bd5 26. Rxc5 b3 27.
cxb3 Bxb3 28. a5 Bc2 29. a6 Be4 30. a7 f5 31. Rc8+ Kg7 32. a8=Q Bxa8 33. Rxa8
f4 34. c4 fxg3 35. c5 gxf2+ 36. Kxf2 g5 37. c6 g4 38. Ra7+ Kg6 39. c7 g3+ 40.
Kf3 h5 41. c8=Q h4 42. Qc6+ 1-0

[Event "GBR-ch107 U10"]
[Site "Milton Keynes"]
[Date "2021.10.03"]
[Round "6.10"]
[White "Gushchin, Arseniy"]
[Black "Marsden, Rupert"]
[Result "1/2-1/2"]
[WhiteElo "1278"]
[BlackElo "1352"]
[PlyCount "67"]
[EventDate "2021.10.02"]
[EventType "swiss"]
[EventRounds "7"]
[EventCountry "GBR"]
[SourceTitle "BritBase"]
[Source "John Saunders"]
[SourceDate "2021.06.05"]
[SourceVersion "1"]
[SourceVersionDate "2021.06.05"]
[SourceQuality "1"]

1. e4 c6 2. c4 d5 3. cxd5 cxd5 4. Nc3 dxe4 5. Nxe4 Bd7 6. Bc4 e6 7. Nf3 Be7 8.
d3 Nf6 9. O-O Nc6 10. Bf4 O-O 11. Nd6 Bxd6 12. Bxd6 Re8 13. Re1 Qb6 14. Qd2 Nd4
15. Nxd4 Qxd6 16. Nf3 Bc6 17. Ne5 Nd7 18. Nxc6 Qxc6 19. Rac1 Qd6 20. Rc2 Ne5
21. Qc3 Nc6 22. Bb5 Rac8 23. Rec1 Red8 24. Qd2 Ne7 25. Rxc8 Nxc8 26. Qc2 h6 27.
g3 a6 28. Ba4 Nb6 29. Rd1 Nxa4 30. Qxa4 Qd4 31. Qxd4 Rxd4 32. Kf1 Kf8 33. Ke2
Ke7 34. Ke3 1/2-1/2

[Event "GBR-ch107 U10"]
[Site "Milton Keynes"]
[Date "2021.10.03"]
[Round "6.11"]
[White "Pitts, Daniel"]
[Black "Shi, Shaoquan"]
[Result "1/2-1/2"]
[WhiteElo "1338"]
[BlackElo "1050"]
[PlyCount "243"]
[EventDate "2021.10.02"]
[EventType "swiss"]
[EventRounds "7"]
[EventCountry "GBR"]
[SourceTitle "BritBase"]
[Source "John Saunders"]
[SourceDate "2021.06.05"]
[SourceVersion "1"]
[SourceVersionDate "2021.06.05"]
[SourceQuality "1"]

1. e4 c5 2. Nf3 d6 3. d4 cxd4 4. Nxd4 Nf6 5. f3 g6 6. c4 Bg7 7. Be3 Bd7 8. Nc3
Nc6 9. Be2 Rc8 10. O-O O-O 11. Qd2 Re8 12. Nxc6 Bxc6 13. Bh6 Bh8 14. Qc2 Qd7
15. Rad1 Qc7 16. Bf4 Qb6+ 17. Kh1 Nd7 18. b3 Nc5 19. Be3 Qb4 20. Bd4 Bxd4 21.
Rxd4 Ne6 22. Rdd1 Bd7 23. Nd5 Qa5 24. Qb2 Nc7 25. b4 Qa4 26. Nc3 Qc6 27. b5 Qc5
28. Na4 Qg5 29. c5 Ne6 30. cxd6 exd6 31. Rxd6 Re7 32. Rfd1 Be8 33. R6d5 Qh6 34.
Qb4 Rec7 35. h3 Qf4 36. Qd2 Qg3 37. Qe1 Qxe1+ 38. Rxe1 Rc2 39. a3 Nf4 40. Bd1
Ra2 41. Rd6 Nxg2 42. Re2 Rxe2 43. Bxe2 Nf4 44. Bd1 Bxb5 45. Kh2 Be8 46. Bb3 Rc1
47. Kg3 Nh5+ 48. Kh4 Rg1 49. Nc5 Nf4 50. Ne6 Nxe6 51. Bxe6 fxe6 52. f4 Kf7 53.
e5 Rf1 54. Kg3 Bc6 55. Rd8 Rf3+ 56. Kg4 Rxa3 57. Ra8 Kg7 58. Rc8 Rc3 59. Kg5
h6+ 60. Kh4 Bg2 61. Rxc3 a5 62. Rc7+ Kf8 63. Rc8+ Kf7 64. Ra8 b6 65. Ra6 b5 66.
Rxa5 Bf1 67. Kg3 g5 68. fxg5 hxg5 69. Ra7+ Kg6 70. h4 gxh4+ 71. Kxh4 Kf5 72.
Kg3 Kxe5 73. Kf3 Bc4 74. Rh7 Kd4 75. Rh4+ Kc3 76. Ke4 Kb3 77. Kd4 Ka4 78. Kc5
Ka5 79. Rh3 Ka6 80. Rh7 e5 81. Re7 e4 82. Rxe4 Kb7 83. Re7+ Kc8 84. Kd6 Kd8 85.
Re4 Kc8 86. Kc6 Kd8 87. Re5 Bf1 88. Kd6 Bc4 89. Rf5 Ke8 90. Rf4 Bd3 91. Rf3 Bc4
92. Rf4 Bd3 93. Rf6 Bc4 94. Rf5 Bd3 95. Re5+ Kd8 96. Re3 Bc4 97. Rg3 Ke8 98.
Rf3 Bf7 99. Rf4 Bc4 100. Re4+ Kf7 101. Rf4+ Kg6 102. Ke5 Be2 103. Kd6 Bc4 104.
Ke7 Kg5 105. Rf3 Kg4 106. Rf2 Kg3 107. Rd2 Kf4 108. Kf6 Ke4 109. Rd1 Kf3 110.
Kf5 Ke3 111. Rc1 Kd4 112. Kf4 Kc5 113. Ke5 Kc6 114. Kd4 Kb6 115. Ra1 Kb7 116.
Kc5 Bd3 117. Rd1 Bc4 118. Rd7+ Kc8 119. Kc6 Kb8 120. Re7 Bd3 121. Kb6 Kc8 122.
Kc6 1/2-1/2

[Event "GBR-ch107 U10"]
[Site "Milton Keynes"]
[Date "2021.10.03"]
[Round "7.1"]
[White "Murawski, Jan"]
[Black "Steiners, Emils"]
[Result "1-0"]
[WhiteElo "1108"]
[BlackElo "1427"]
[PlyCount "43"]
[EventDate "2021.10.02"]
[EventType "swiss"]
[EventRounds "7"]
[EventCountry "GBR"]
[SourceTitle "BritBase"]
[Source "John Saunders"]
[SourceDate "2021.06.05"]
[SourceVersion "1"]
[SourceVersionDate "2021.06.05"]
[SourceQuality "1"]

1. d4 d5 2. c4 e6 3. Nc3 Nf6 4. Bg5 Be7 5. Nf3 O-O 6. e3 c6 7. cxd5 exd5 8. Ne5
Nbd7 9. f4 h6 10. Bh4 Nxe5 11. fxe5 Bg4 12. exf6 Bxd1 13. fxe7 Qe8 14. exf8=Q+
Kxf8 15. Nxd1 g5 16. Bg3 Qd8 17. Bd3 Qa5+ 18. Nc3 Re8 19. Be5 f6 20. O-O Qb6
21. Rxf6+ Kg8 22. Raf1 1-0

[Event "GBR-ch107 U10"]
[Site "Milton Keynes"]
[Date "2021.10.03"]
[Round "7.2"]
[White "Bryant, Harry"]
[Black "Grose, Kameron"]
[Result "0-1"]
[WhiteElo "1225"]
[BlackElo "1724"]
[PlyCount "122"]
[EventDate "2021.10.02"]
[EventType "swiss"]
[EventRounds "7"]
[EventCountry "GBR"]
[SourceTitle "BritBase"]
[Source "John Saunders"]
[SourceDate "2021.06.05"]
[SourceVersion "1"]
[SourceVersionDate "2021.06.05"]
[SourceQuality "1"]

1. e4 c5 2. d4 cxd4 3. c3 dxc3 4. Nxc3 Nc6 5. Nf3 e6 6. Bc4 Bb4 7. O-O Nge7 8.
a3 Bxc3 9. bxc3 d6 10. Nd4 Nxd4 11. Qxd4 e5 12. Qd1 Qc7 13. Qb3 O-O 14. Bg5 a6
15. Rad1 b5 16. Bd5 Rb8 17. f4 h6 18. Bh4 Ng6 19. Bg3 exf4 20. Bxf4 Nxf4 21.
Rxf4 Bb7 22. Rdf1 Bxd5 23. Qxd5 Qc5+ 24. Qxc5 dxc5 25. Rf5 c4 26. Rd5 Rfe8 27.
Re1 Rbd8 28. Red1 Rxd5 29. exd5 Kf8 30. Kf2 Ke7 31. Re1+ Kd7 32. Rxe8 Kxe8 33.
Ke3 Kd7 34. Ke4 Kd6 35. g4 a5 36. h4 f6 37. Kd4 g6 38. Ke4 f5+ 39. gxf5 gxf5+
40. Kxf5 b4 41. axb4 a4 42. b5 Kxd5 43. Kg6 a3 44. b6 Kc6 45. Kxh6 a2 46. b7
Kxb7 47. h5 a1=Q 48. Kg6 Qxc3 49. h6 Kc7 50. Kh7 Qh3 51. Kg7 c3 52. h7 c2 53.
Kh8 Qxh7+ 54. Kxh7 c1=Q 55. Kg8 Qf1 56. Kg7 Qf5 57. Kh8 Qd7 58. Kg8 Qe7 59. Kh8
Kd6 60. Kg8 Ke6 61. Kh8 Kf6 0-1

[Event "GBR-ch107 U10"]
[Site "Milton Keynes"]
[Date "2021.10.03"]
[Round "7.3"]
[White "Hanache, Kai"]
[Black "Rida, Ruqayyah"]
[Result "1-0"]
[WhiteElo "1547"]
[BlackElo "1261"]
[PlyCount "53"]
[EventDate "2021.10.02"]
[EventType "swiss"]
[EventRounds "7"]
[EventCountry "GBR"]
[SourceTitle "BritBase"]
[Source "John Saunders"]
[SourceDate "2021.06.05"]
[SourceVersion "1"]
[SourceVersionDate "2021.06.05"]
[SourceQuality "1"]

1. e4 e5 2. Nf3 Nc6 3. Bc4 Bc5 4. c3 Nf6 5. d4 exd4 6. cxd4 Bb4+ 7. Nc3 Bxc3+
8. bxc3 Nxe4 9. d5 Ne7 10. Qd4 Nf6 11. Bg5 Ng6 12. d6 cxd6 13. Qxd6 h6 14. Be3
Ne7 15. Qg3 O-O 16. Bd3 Kh8 17. O-O b6 18. Qh4 Bb7 19. Bxh6 Ng6 20. Bxg6 fxg6
21. Bg5+ Kg8 22. Bxf6 Qxf6 23. Ng5 Rfc8 24. Rae1 Bd5 25. Qh7+ Kf8 26. Qh8+ Bg8
27. Nh7+ 1-0

[Event "GBR-ch107 U10"]
[Site "Milton Keynes"]
[Date "2021.10.03"]
[Round "7.4"]
[White "Vaidyanathan, Adithya"]
[Black "Ward, Cian"]
[Result "0-1"]
[WhiteElo "1559"]
[BlackElo "1375"]
[PlyCount "128"]
[EventDate "2021.10.02"]
[EventType "swiss"]
[EventRounds "7"]
[EventCountry "GBR"]
[SourceTitle "BritBase"]
[Source "John Saunders"]
[SourceDate "2021.06.05"]
[SourceVersion "1"]
[SourceVersionDate "2021.06.05"]
[SourceQuality "1"]

1. Nf3 Nc6 2. d4 d5 3. c4 e6 4. Nc3 Nf6 5. Bg5 Bb4 6. Qb3 h6 7. Bxf6 Qxf6 8. e3
dxc4 9. Bxc4 Qe7 10. O-O O-O 11. a3 Na5 12. Qxb4 Qxb4 13. axb4 Nxc4 14. Nb5 Bd7
15. Nc3 Bc6 16. e4 f5 17. d5 exd5 18. exd5 Bd7 19. b3 Nd6 20. Ne5 Bb5 21. Nxb5
Nxb5 22. f4 Nc3 23. Rf3 Nxd5 24. Rd1 Nf6 25. Rc1 c6 26. Rg3 Ne4 27. Rd3 Rad8
28. Rcd1 Rxd3 29. Rxd3 Nf6 30. Nd7 Nxd7 31. Rxd7 Rf7 32. Rd8+ Kh7 33. Kf2 Re7
34. b5 cxb5 35. Rd5 Kg6 36. Rxb5 b6 37. h4 h5 38. g3 Rc7 39. Re5 Rc2+ 40. Kg1
Rc3 41. Kf2 Rxb3 42. Re7 a5 43. Ra7 Rb4 44. Ra6 Kh7 45. Ke3 a4 46. Kd3 Rb3+ 47.
Kd4 b5 48. Ke5 Rxg3 49. Kxf5 a3 50. Rb6 a2 51. Ra6 Rg2 52. Ke4 b4 53. Kf3 Rc2
54. f5 b3 55. Ra7 Rc1 56. f6 Rf1+ 57. Ke2 Rxf6 58. Kd2 b2 59. Kc3 a1=Q 60.
Rxg7+ Kxg7 61. Kc4 Qa4+ 62. Kc3 b1=N+ 63. Kb2 Rf2+ 64. Kc1 Qc2# 0-1

[Event "GBR-ch107 U10"]
[Site "Milton Keynes"]
[Date "2021.10.03"]
[Round "7.5"]
[White "Soulier, Alfred"]
[Black "Zhu, Pengxiao"]
[Result "1-0"]
[WhiteElo "1350"]
[BlackElo "1375"]
[PlyCount "77"]
[EventDate "2021.10.02"]
[EventType "swiss"]
[EventRounds "7"]
[EventCountry "GBR"]
[SourceTitle "BritBase"]
[Source "John Saunders"]
[SourceDate "2021.06.05"]
[SourceVersion "1"]
[SourceVersionDate "2021.06.05"]
[SourceQuality "1"]

1. e4 e5 2. Nf3 Nc6 3. Bc4 Nf6 4. Ng5 d5 5. exd5 b5 6. Bf1 Nd4 7. c3 Nxd5 8.
Nxf7 Kxf7 9. cxd4 Qf6 10. Qh5+ g6 11. Qxe5 Qxe5+ 12. dxe5 Bd7 13. Nc3 Nxc3 14.
bxc3 Re8 15. d4 c5 16. Rb1 a6 17. Be2 b4 18. Bd2 bxc3 19. Bxc3 cxd4 20. Bxd4
Bg7 21. Rb7 Re7 22. Bc5 Rxe5 23. Rxd7+ Ke6 24. Re7+ Kd5 25. Rxe5+ Bxe5 26. Be3
Rb8 27. O-O Rb2 28. Rd1+ Ke6 29. Bxa6 Kf6 30. a4 Ra2 31. Bb5 h5 32. g3 Kf5 33.
Bd7+ Ke4 34. Bc6+ Kf5 35. Bd2 Rc2 36. Bd7+ Kf6 37. a5 Rc7 38. Bb5 Rc5 39. Bf1
1-0

[Event "GBR-ch107 U10"]
[Site "Milton Keynes"]
[Date "2021.10.03"]
[Round "7.6"]
[White "Hariharan, Shambavi"]
[Black "Catabay, Rezin C"]
[Result "1/2-1/2"]
[WhiteElo "858"]
[BlackElo "1353"]
[PlyCount "55"]
[EventDate "2021.10.02"]
[EventType "swiss"]
[EventRounds "7"]
[EventCountry "GBR"]
[SourceTitle "BritBase"]
[Source "John Saunders"]
[SourceDate "2021.06.05"]
[SourceVersion "1"]
[SourceVersionDate "2021.06.05"]
[SourceQuality "1"]

1. d4 e5 2. dxe5 Nc6 3. Nf3 Qe7 4. c3 Nxe5 5. Nxe5 Qxe5 6. Nd2 Nf6 7. Nf3 Qe6
8. Qb3 d5 9. Bf4 c6 10. e3 Nh5 11. Bg3 Nxg3 12. hxg3 Be7 13. Be2 O-O 14. Qc2 h6
15. O-O c5 16. c4 Bf6 17. cxd5 Qxd5 18. Rfd1 Qc6 19. Rac1 b6 20. Bc4 Be6 21.
Bxe6 Qxe6 22. b3 Rfd8 23. Rd2 Rxd2 24. Nxd2 Rd8 25. a4 Qd5 26. Nc4 Qd3 27. Nb2
Qd2 28. Nc4 1/2-1/2

[Event "GBR-ch107 U10"]
[Site "Milton Keynes"]
[Date "2021.10.03"]
[Round "7.7"]
[White "Kataria, Dhairya"]
[Black "Ashton, Alannah"]
[Result "1-0"]
[WhiteElo "869"]
[BlackElo "1280"]
[PlyCount "99"]
[EventDate "2021.10.02"]
[EventType "swiss"]
[EventRounds "7"]
[EventCountry "GBR"]
[SourceTitle "BritBase"]
[Source "John Saunders"]
[SourceDate "2021.06.05"]
[SourceVersion "1"]
[SourceVersionDate "2021.06.05"]
[SourceQuality "1"]

1. e4 c5 2. Nf3 d6 3. d4 cxd4 4. Nxd4 Nf6 5. Nc3 g6 6. Be3 Bg7 7. Qd2 O-O 8.
Bh6 Nc6 9. Nxc6 bxc6 10. h4 Qa5 11. f3 Qe5 12. O-O-O Rb8 13. g4 Bxg4 14. fxg4
Nxe4 15. Bxg7 Kxg7 16. Qd4 Qxd4 17. Rxd4 Nxc3 18. bxc3 Rb7 19. Bg2 Rfb8 20. Kd2
d5 21. c4 e5 22. Rd3 e4 23. Rd4 Rd8 24. Bxe4 Rb4 25. Kc3 Ra4 26. Kb3 Ra5 27.
cxd5 cxd5 28. Rhd1 Kf6 29. Rxd5 Raxd5 30. Rxd5 Rxd5 31. Bxd5 Ke7 32. Kc4 f5 33.
gxf5 gxf5 34. Bg8 h6 35. Bd5 Kf6 36. h5 Kg5 37. Bf3 Kf4 38. Bd1 Ke3 39. Kc3 f4
40. Bg4 f3 41. Bxf3 Kxf3 42. Kd3 Kg4 43. c4 Kxh5 44. c5 Kg4 45. c6 h5 46. c7 h4
47. c8=Q+ Kg3 48. Qc1 h3 49. Qh1 h2 50. Ke4 1-0

[Event "GBR-ch107 U10"]
[Site "Milton Keynes"]
[Date "2021.10.03"]
[Round "7.8"]
[White "Liu, Jacob"]
[Black "Yu, Rock"]
[Result "0-1"]
[WhiteElo "1355"]
[BlackElo "1428"]
[PlyCount "106"]
[EventDate "2021.10.02"]
[EventType "swiss"]
[EventRounds "7"]
[EventCountry "GBR"]
[SourceTitle "BritBase"]
[Source "John Saunders"]
[SourceDate "2021.06.05"]
[SourceVersion "1"]
[SourceVersionDate "2021.06.05"]
[SourceQuality "1"]

1. e4 Nf6 2. e5 Nd5 3. d4 d6 4. c4 Nb6 5. f4 dxe5 6. fxe5 Bf5 7. Nf3 Nc6 8. d5
Nb4 9. Nd4 e6 10. Nxf5 exf5 11. Be3 Qh4+ 12. Bf2 Qe4+ 13. Kd2 Nxc4+ 14. Bxc4
Qxc4 15. Qa4+ b5 16. Qb3 Qxd5+ 17. Qxd5 Nxd5 18. Rd1 O-O-O 19. Kc2 Nb4+ 20. Kc1
Nd3+ 21. Rxd3 Rxd3 22. Bxa7 c5 23. Nc3 Rxc3+ 24. bxc3 Kb7 25. a4 Kxa7 26. axb5+
Kb7 27. c4 Be7 28. Ra6 Rd8 29. Kc2 Rd4 30. Ra4 Re4 31. Ra3 Re2+ 32. Kd3 Rxg2
33. Ra1 Rxh2 34. Rd1 Rh3+ 35. Kc2 Kc7 36. Rd2 f4 37. Re2 f3 38. Rf2 Bh4 39. b6+
Kxb6 40. e6 fxe6 41. Rf1 f2 42. Kd1 Rg3 43. Rxf2 Rg1+ 44. Ke2 Bxf2 45. Kxf2 Rg6
46. Kf3 h5 47. Kf2 h4 48. Kf1 h3 49. Kf2 h2 50. Ke2 h1=Q 51. Kd3 Rg3+ 52. Ke2
Qh2+ 53. Kf1 Rg1# 0-1

[Event "GBR-ch107 U10"]
[Site "Milton Keynes"]
[Date "2021.10.03"]
[Round "7.9"]
[White "Wang, Luoke"]
[Black "Das, Rishabh"]
[Result "1-0"]
[WhiteElo "910"]
[BlackElo "1370"]
[PlyCount "73"]
[EventDate "2021.10.02"]
[EventType "swiss"]
[EventRounds "7"]
[EventCountry "GBR"]
[SourceTitle "BritBase"]
[Source "John Saunders"]
[SourceDate "2021.06.05"]
[SourceVersion "1"]
[SourceVersionDate "2021.06.05"]
[SourceQuality "1"]

1. d4 d5 2. c4 c6 3. Nf3 Nf6 4. g3 Bf5 5. Bg2 e6 6. Nh4 Bg4 7. O-O Be7 8. Qc2
O-O 9. Re1 Bb4 10. Bd2 Bd6 11. h3 Bh5 12. Nc3 Re8 13. e4 dxe4 14. Nxe4 Nxe4 15.
Bxe4 f5 16. Bg2 Be7 17. Nf3 Bf6 18. Bc3 Nd7 19. Rad1 Nb6 20. Qb3 Rb8 21. Ba5
Qd7 22. Bxb6 axb6 23. Qxb6 Ra8 24. a3 Ra6 25. Qb3 Rd8 26. Qe3 Re8 27. Rd3 Rb6
28. d5 Rxb2 29. dxe6 Qe7 30. Rd7 Qf8 31. e7 Qf7 32. Ng5 Qxc4 33. Rd8 Qc2 34.
Rxe8+ Bxe8 35. Qe6+ Kh8 36. Nf7+ Bxf7 37. e8=Q+ 1-0